Die größten Städte pro Bundesland - Buchstabe H - Statistiken

Allgemein
  • Dieses Quiz wurde 450 mal gespielt
    161 seit der letzten Aktualisierung
  • Das Durchschnittsergebnis liegt bei 12 aus 39
Antwortstatistiken
Bundesland Einwohnerzahl Stadt % Korrekt
Hamburg 1.853.935 Hamburg
97%
Niedersachsen 535.932 Hannover
92%
Schleswig-Holstein 21.844 Heide
87%
Niedersachsen 100.319 Hildesheim
78%
Sachsen-Anhalt 238.061 Halle (Saale)
76%
Nordrhein-Westfalen 179.238 Hamm
76%
Baden-Württemberg 159.245 Heidelberg
76%
Hessen 98.502 Hanau
73%
Nordrhein-Westfalen 188.713 Hagen
69%
Nordrhein-Westfalen 156.621 Herne
66%
Saarland 41.612 Homburg
63%
Baden-Württemberg 125.613 Heilbronn
62%
Bayern 45.125 Hof
50%
Baden-Württemberg 49.129 Heidenheim (Brenz)
48%
Niedersachsen 57.394 Hameln
35%
Schleswig-Holstein 23.478 Husum
33%
Sachsen-Anhalt 38.682 Halberstadt
24%
Sachsen 31.236 Hoyerswerda
20%
Rheinland-Pfalz 19.272 Haßloch
14%
Hessen 39.704 Hofheim (Taunus)
10%
Hessen 28.040 Hattersheim (Main)
9%
Mecklenburg-Vorpommern 12.146 Hagenow
8%
Schleswig-Holstein 28.182 Henstedt-Ulzburg
8%
Thüringen 11.660 HIldburghausen
8%
Brandenburg 26.658 Hohen Neuendorf
8%
Sachsen 16.540 Heidenau
5%
Sachsen 14.142 Hohenstein-Ernstthal
5%
Sachsen-Anhalt 19.082 Haldensleben
4%
Thüringen 16.899 Heilbad Heiligenstadt
4%
Rheinland-Pfalz 10.732 Herxheim
4%
Bayern 24.068 Herzogenaurach
4%
Brandenburg 26.515 Henningsdorf
3%
Brandenburg 18.322 Hoppegarten
3%
Saarland 17.998 Heusweiler
2%
Mecklenburg-Vorpommern 8.387 Heringsdorf
1%
Bayern 16.722 Holzkirchen
1%
Thüringen 8.052 Hermsdorf
0%
Rheinland-Pfalz 9.368 Höhr-Grenzhausen
0%
Mecklenburg-Vorpommern 1.276 Hornstorf
0%
Keine übereinstimmenden Quizze gefunden
Verteilung der Resultate
Anzahl Personen mit jedem Resultat
Perzentil nach korrekt beantworteten Fragen
Ihre Resultats-Entwicklung
Sie haben dieses Quiz seit der letzten Aktualisierung nicht gespielt